Rainbow Six Siege Ultimate quiz - Statistics

General Stats
  • This quiz has been taken 3,635 times
    3,597 since last reset
  • The average score is 62 of 168
Answer Stats
Question Answer % Correct
FBI SWAT Attacker Ash
88%
(Operators) SAS Attacker Sledge
88%
SAS Defender Mute
86%
SAS Defender Smoke
86%
NAVY SEALS Attacker Blackbeard
85%
GIGN Defender Doc
85%
GIGN Defender Rook
85%
SAS Attacker Thatcher
84%
FBI SWAT Attacker Thermite
84%
GIGN Attacker Twitch
84%
Spetsnaz Attacker Fuze
82%
Spetsnaz Attacker Glaz
82%
Spetsnaz Defender Kapkan
82%
GSG9 Attacker Blitz
81%
FBI SWAT Defender Castle
81%
GSG9 Attacker IQ
81%
GIGN Attacker Montagne
81%
FBI SWAT Defender Pulse
81%
GSG9 Defender Bandit
80%
GSG9 Defender Jager
80%
Both Side Operator Recruit
80%
Spetsnaz Defender Tachanka
80%
JTF2 Attacker Buck
79%
JTF2 Defender Frost
78%
NAVY SEALS Defender Valkyrie
74%
BOPE Attacker Capitao
73%
BOPE Defender Caveira
72%
SAT Defender Echo
71%
SAT Attacker Hibana
71%
GEO Attacker Jackal
71%
GEO Defender Mira
71%
SAS EMP Grenade
59%
One of the multiplayer team colours Blue
55%
Map House
55%
The other team colour Orange
55%
(Operator Unique abilities) SAS The Caber
54%
Attacker Equipment Frag Grenade
51%
SAS Signal Disrupter
51%
The other Multiplayer search choice Ranked
49%
GIGN Shock Drone
49%
GIGN Stim Pistol
47%
Map Oregon
46%
All Defenders use these for walls Reinforcements
46%
Attacker Equipment Smoke Grenade
46%
Attacker Equipment Stun Grenade
46%
Defender Equipment Barbed Wire
45%
Map Clubhouse
45%
Defender Equipment Impact Grenade
45%
SAS Remote Gas Grenade
44%
Game Mode Bomb
43%
GSG9 Active Defence System
42%
Game Mode (Multiplayer) Hostage
42%
Map Coastline
41%
Defender Equipment Nitro Cell
41%
GSG9 Shock Wire
41%
Map Bank
40%
Year 1 Season 1 operation name Black Ice
40%
Map Border
40%
One of the Multiplayer search choices Casual
40%
Attacker Equipment Claymore
39%
Defender Equipment Deployable Shield
39%
Primary Weapon (GIGN Submachine gun) MP5
39%
All Defenders use these for doors and windows Barricades
38%
NAVY SEALS Black Eye
38%
Attacker Equipment Drone
38%
Spetsnaz Entry Denial Device
38%
BOPE Silent Step
38%
Spetsnaz Cluster Charge
37%
GIGN Extendable Shield
37%
GSG9 Flash Shield
37%
Primary Weapon (FBI SWAT Assault rifle) R4-C
37%
Game Mode Secure Area
37%
JTF2 Skeleton Key
37%
Map Yacht
37%
Map Consulate
36%
Map Skyscraper
36%
BOPE Tactical crossbow
36%
Map Chalet
35%
JTF2 Welcome Mat
35%
GIGN Armor Pack
34%
Attacker Equipment Breaching Charge
34%
FBI SWAT Breaching Round
34%
Secondary Weapon (SAS machine pistol) SMG-11
34%
What are the Tutorial levels called? Situations
33%
GEO Black mirror
32%
Secondary Weapon (GIGN Pistol) P9
32%
FBI SWAT Exothermic Charge
31%
Map Hereford Base
31%
Map Kanal
31%
SAT Yokai
31%
Primary Weapon (GIGN Assault rifle) F2
30%
Defender Equipment Camera
28%
Map Presidential Plane
28%
Spetsnaz Flip Sight
27%
Primary Weapon (FBI SWAT Assault rifle) G36C
27%
Primary Weapon (SAS Submachine gun) MP5K
27%
Primary Weapon (GSG9 Submachine gun) MP7
27%
FBI SWAT Heartbeat Sensor
26%
SAT X-KAIROS
26%
Spetsnaz Deployable Turret
25%
Secondary Weapon (NAVY SEALS Pistol) D-50
24%
Primary Weapon (NAVY SEALS Submachine gun) MPX
24%
Primary Weapon (GIGN Submachine gun) P90
24%
Year 1 Season 3 operation name Skull Rain
24%
Primary Weapon (FBI SWAT Submachine gun) UMP45
24%
Primary Weapon (Spetsnaz Assault rifle) AK-12
23%
Primary Weapon (SAS Assault rifle) AR33
23%
Year 1 Season 2 operation name Dust Line
23%
Map Kafe Dostoyevsky
23%
Primary Weapon (SAS Assault rifle) L85A1
23%
NAVY SEALS Rifle Shield
23%
BOPE Interrogation
22%
Year 2 Season 1 operation name Velvet Shell
22%
Secondary Weapon (Spetsnaz Pistol) PMM
21%
Year 1 Season 4 operation name Red Crow
21%
Primary Weapon (NAVY SEALS Shotgun) SPAS-12
20%
Primary Weapon (GIGN Marksman rifle) 417
19%
GSG9 Electronics Detector
19%
Primary Weapon (SAS Submachine gun) FMG-9
19%
Primary Weapon (GSG9 Shotgun) M870
19%
What is the enemy terrorist group known as (Terrorist hunt) The White Masks
19%
Map Bartlett University
18%
GEO Eyenox model III
18%
Secondary Weapon (GSG9 Pistol) P12
18%
Secondary Weapon (SAT machine pistol) Bearing 9
17%
Primary Weapon (Spetsnaz Shotgun) SASG-12
16%
Primary Weapon (JTF2 Shotgun) Super 90
16%
Primary Weapon (SAT Shotgun) SuperNova
16%
FBI SWAT Armor Panel
15%
Primary Weapon (GEO Assault rifle) C7E
15%
Primary Weapon (JTF2 Marksman rifle) CAMRS
15%
Secondary Weapon (BOPE Pistol) Luison
15%
Primary Weapon (FBI SWAT Shotgun) M1014
15%
Primary Weapon (SAT Submachine gun) MP5SD
15%
Primary Weapon (BOPE Shotgun) SPAS 15
15%
Primary Weapon (FBI SWAT Assault rifle) 556xi
14%
Secondary Weapon (FBI SWAT Pistol) 5.7 USG
14%
Primary Weapon (GSG9 Assault rifle) 552 Commando
13%
Primary Weapon (GSG9 Assault rifle) AUG A2
13%
Secondary Weapon (Spetsnaz Pistol) GSH-18
13%
Primary Weapon (BOPE Submachine gun) M12
13%
Primary Weapon (SAT Assault rifle) Type-89
13%
Primary Weapon (BOPE LMG) M249
12%
Secondary Weapon (FBI SWAT Pistol) M45 MEUSOC
12%
Primary Weapon (SAS Shotgun) M590A1
12%
Primary Weapon (GEO Submachine gun) PDW9
12%
Primary Weapon (GSG9 LMG) G8A1
11%
Primary Weapon (GSG9 Assault rifle) 416-C Carbine
10%
Primary Weapon (Spetsnaz Submachine gun) 9x19VSN
10%
Primary Weapon (JTF2 Assault rifle) C8-SFW
10%
Map Favelas
10%
Secondary Weapon (GEO Shotgun) ITA12S
10%
Primary Weapon (Spetsnaz Marksman rifle) OTs-03
10%
Primary Weapon (BOPE Assault rifle) PARA-308
10%
Primary Weapon (GIGN Shotgun) SG-CQB
10%
Primary Weapon (Spetsnaz LMG) 6P41
9%
Primary Weapon (JTF2 Submachine gun) 9mm C1
9%
Primary Weapon (GIGN, GSG9, Spetsnaz & Recruit) Ballistic Shield
9%
Primary Weapon (GEO Shotgun) ITA12L
9%
Secondary Weapon (SAT Pistol) P229
9%
Primary Weapon (NAVY SEALS Marksman rifle) SR-25
9%
Secondary Weapon (GIGN Pistol) LFP586
8%
Secondary Weapon (GEO Pistol) USP40
8%
Primary Weapon (GEO Submachine gun) Vector 45. ACP
8%
Primary Weapon (NAVY SEALS Assault rifle) Mk17 CQB
7%
Secondary Weapon (SAS Pistol) P226 Mk 25
7%
Secondary Weapon (JTF2 Pistol) Mk1 9mm
6%
Secondary Weapon (BOPE Pistol) PRB92
6%
No matching quizzes found
Score Distribution
Percent of People with Each Score
Percentile by Number Answered
Your Score History
You have not taken this quiz since the last reset